THE FAMOUS FIVE (17) (Record no. 32289)

MARC details
000 -LEADER
fixed length control field 00342nam a2200145Ia 4500
008 - FIXED-LENGTH DATA ELEMENTS--GENERAL INFORMATION
fixed length control field 090122s9999 xx 000 0 und d
082 ## - DEWEY DECIMAL CLASSIFICATION NUMBER
Item number 8212
Classification number O111 : B
100 ## - MAIN ENTRY--PERSONAL NAME
Personal name ENID
Numeration BLYTON
245 ## - TITLE STATEMENT
Title THE FAMOUS FIVE (17)
600 ## - SUBJECT ADDED ENTRY--PERSONAL NAME
Personal name ENID
630 ## - SUBJECT ADDED ENTRY--UNIFORM TITLE
Uniform title THE FAMOUS FIVE (17)
700 ## - ADDED ENTRY--PERSONAL NAME
Personal name ENID
730 ## - ADDED ENTRY--UNIFORM TITLE
Uniform title THE FAMOUS FIVE (17)
942 ## - ADDED ENTRY ELEMENTS (KOHA)
Koha item type Book
Holdings
Withdrawn status Lost status Damaged status Not for loan Home library Current library Date acquired Total Checkouts Full call number Barcode Date last seen Copy number Price effective from Koha item type
        Dombivali Granthasangrahalaya, Dombivali Dombivali Granthasangrahalaya, Dombivali 01/22/2009   8212 DOM-8212 01/22/2009 1 01/22/2009 Book